Liverpool F.C Quiz - Statistics

General Stats
  • This quiz has been taken 96 times
  • The average score is 10 of 15
Answer Stats
Hint Answer % Correct
How many times have you won the UEFA Champions League? 6
99%
Who is Liverpool FC's city rivals? Everton
92%
What is the name of Liverpool Stadium? Anfield
89%
Which Liverpool player won the balloon D'or? Michael Owen
85%
Which player scored 346 goals for Liverpool? Ian Rush
82%
What is Liverpool's nickname? The Reds
82%
What is the name of the song from Liverpool FC? You'll Never Walk Alone
79%
Where is Arthur Melo from? Brazil
76%
What year did Steven Gerrard join Liverpool? 1997
75%
Who was Liverpool FC's goalkeeper in the 2005 Istanbul final? Dudek
74%
What year was Liverpool formed? 1892
66%
What is the name of the bird on the Liverpool logo? Liverbird
56%
Who coached Liverpool in the 2005 Istanbul final? Rafael Benitez
44%
Who is the founder of Liverpool? John Houlding
15%
Who is Liverpool's fastest goalscorer in European competition? Joe Cole
1%
No matching quizzes found
Score Distribution
Percent of People with Each Score
Percentile by Number Answered
Your Score History
You have not taken this quiz